Meilleurs films de super heros - Statistiques

Statistiques générales
  • Ce quiz a été pris 150 fois
  • Le résultat moyen est 3 sur 10
Statistiques - réponses
Hint Réponse % Correct
9 Avengers
88%
6 Avengers endgame
58%
2 Avengers infinity war
52%
1 The dark knight
45%
8 Spiderman no way home
32%
10 Les gardiens de la galaxie
22%
5 Thor Ragnarok
17%
4 Spiderman Into the spiderverse
12%
3 Spiderman across the spiderverse
10%
7 Les indestructibles
4%
Aucun quiz correspondant
Distribution des résultats
% des personnes avec chaque résultat
Percentile par nombre de réponses
Votre historique - résultats
Vous n’avez pas pris ce quiz